• 首页
  • 本馆介绍
  • 公告通知
  • 最新文献
  • 馆藏检索
  • 电子资源
  • 读者导购
  • 参考咨询
  • 我的图书馆
  • 登录
  • 详细信息显示
  • 放入我的书架
  • 预约/预借图书
  • 作者相关作品
  • 分类相关作品
  • 丛书相关作品
  • 出版社相关作品

书目信息

  • 表格格式
  • 工作单格式
  • 卡片格式
题名:
游泳
    
 
作者: 体育院、系教材编审委员会《游泳》编写组 编 ;体育院、系教材编审委员会《游泳》编写组 编
分册:  
出版信息: 北京   人民体育出版社  1984
页数: 461页
开本: 20cm
丛书名:
单 册:
中图分类: G861.1
科图分类:
主题词: 水上运动
电子资源:
ISBN:
000 00805nam0 2200241 45
001 0307011505
005 20060801085442.96
010    @dCNY2.50
091    @a7015.1672
100    @a20030701d1984 km y0chiy0120 ea
101 0  @achi
105    @aa z 000yy
200 1  @a游泳@AYou Yong@f体育院、系教材编审委员会《游泳》编写组编@Fti yu yuan、xi jiao cai bian shen wei yuan hui《you yong》bian xie zu bian
210    @a北京@c人民体育出版社@d1984
215    @a461页@d20cm
300    @a体育系通用教材
320    @a附录
606 0  @a水上运动
690    @aG861.1@v3
701  0 @a体育院、系教材编审委员会《游泳》编写组@Ati yu yuan、xi jiao cai bian shen wei yuan hui《you yong》bian xie zu@4编
711 02 @a体育院、系教材编审委员会《游泳》编写组@4编
801    @aCN@bTSTC@c20060801
905    @dG861.1@e1
    
    游泳/体育院、系教材编审委员会《游泳》编写组编.-北京:人民体育出版社,1984
    461页;20cm
    体育系通用教材
    
    ISBN :CNY2.50
    
●
相关链接 在E读中查询图书 在五车中查询图书 在当当中查询图书 在豆瓣中查询图书


正题名:游泳     索取号:G861.1/1         预约/预借

序号 登录号 条形码 馆藏地/架位号 状态 备注
1 0441127   204411270   密集书库/ [索取号:G861.1/1] 在馆    
唐山师范学院图书馆 欢迎您!
大连网信软件有限公司© 版权所有